| 000 | 01574nam a2200265 4500 | ||
|---|---|---|---|
| 001 | 3606587 | ||
| 005 | 20180608100945.0 | ||
| 008 | 730920s1973 ilu 000 1 eng | ||
| 010 | _a 72085580 | ||
| 020 |
_a0695803697 _a0695403699 (lib. bdg.) |
||
| 040 |
_aDLC _cDLC _dDLC |
||
| 050 | 0 | 0 |
_aPZ1 _b.E49 1973 |
| 082 | 0 | 0 | _a808.83/876 |
| 100 | 1 |
_aElwood, Roger, _ecomp. |
|
| 245 | 1 | 0 |
_aAndroids, time machines, and blue giraffes; _ba panorama of science fiction, _ccompiled by Roger Elwood and Vic Ghidalia. |
| 260 |
_aChicago, _bFollett Pub. Co. _c[1973] |
||
| 300 |
_a381 p. _c23 cm. |
||
| 350 | _a$6.95 | ||
| 505 | 0 | _aBierce, A. Moxon's master.--Williamson, J. Metal man.--Asimov, I. Lenny.--Payes, R. C. Grandma was never like this.--Maupassant, G. de. The Horla.--St. Clair, M. Counter charm.--Derleth, A. The house in the valley.--Temple, W. F. The unpicker.--Senarens, L. P. Frank Reade, Jr.'s air wonder.--Campbell, J. W. The machine.--Goulart, R. Calling Dr. Clockwork.--Posner, R. The running.--Poe, E. A. King Pest.--Lovecraft, H. P. White ape.--De Camp, L. S. The blue giraffe.--Silverberg, R. The mutant season.--Wells, H. G. Chronic Argonaut.--Farley, R. M. Time for sale.--Schmitz, J. H. Where the time went.--Sutton, J. Forerunner.--Verne, J. The Begum's fortune.--Binder, E. Son of the stars.--Clarke, A. C. Sunjammer.--Koontz, D. R. Terra phobia. | |
| 650 | 0 | _aScience fiction, American. | |
| 650 | 0 | _aScience fiction, English. | |
| 700 | 1 |
_aGhidalia, Vic, _ejoint comp. |
|
| 906 |
_a7 _bcbc _corignew _d2 _eopcn _f19 _gy-gencatlg |
||
| 942 |
_2lcc _cBK |
||
| 999 |
_c53040 _d53040 |
||